स्वामी विवेकानंद और डॉ. अंबेडकर / (Record no. 214031)

MARC details
000 -LEADER
fixed length control field 00812nam a22001937a 4500
005 - DATE AND TIME OF LATEST TRANSACTION
control field 20260108122747.0
010 ## - LCCN (DPL NO)
LC control number HIN-130763
020 ## - INTERNATIONAL STANDARD BOOK NUMBER
Terms of availability 450.00
International Standard Book Number 9789356822054
035 ## - SYSTEM CONTROL NUMBER
System control number HN-103109
037 ## - SOURCE OF ACQUISITION
Source of stock number/acquisition DBAD
082 ## - DEWEY DECIMAL CLASSIFICATION NUMBER
Classification number 181.153
Edition number 1
100 ## - MAIN ENTRY--PERSONAL NAME
Personal name मैहर चंद
245 ## - TITLE STATEMENT
Title स्वामी विवेकानंद और डॉ. अंबेडकर /
Statement of responsibility, etc मैहर चंद
250 ## - EDITION STATEMENT
Edition statement 1
260 ## - PUBLICATION, DISTRIBUTION, ETC. (IMPRINT)
Name of publisher, distributor, etc प्रभाकर प्रकाशन
Date of publication, distribution, etc 2023
Place of publication, distribution, etc दिल्ली
270 ## - ADDRESS
City दिल्ली
Address प्लाट न.-55, मेन मदर डेरी रोड, पांडव नगर ईस्ट
Postal code 110092
Telephone number 011-40395855
-- 8368220032
300 ## - PHYSICAL DESCRIPTION
Extent 150पृ.
Dimensions 22सेमी (सजिल्द)
942 ## - ADDED ENTRY ELEMENTS (KOHA)
Source of classification or shelving scheme Dewey Decimal Classification
Item type Hindi Books
Classification part 181.153
Call number suffix मैहर
Holdings
Withdrawn status Lost status Not for loan Collection code Home library Current library Date acquired Source of acquisition Cost, normal purchase price Full call number Barcode Copy number Cost, replacement price Koha item type
      Non-fiction Bawana Bawana 08/01/2026 Delivery of Books Act Division 450.00 181.153 मैहर HN-103109 1 450.00 Hindi Books

© Delhi Public Library
Hit Counter
free hit counter